Moskva 2042

Bibliographic Details
Main Author: Vojnovič, Vladimir, 1932- (Author)
Other Authors: Štrasser, Ján, 1946- (Translator)
Format: Book
Language:Slovak
Russian
PhysicalDescription:365 s. 22 cm
Published: Bratislava Slovart 2008
ISBN:9788080854126
Edition:[1. slov. vyd.]
Series:MM
Subjects:

MARC

LEADER 00000cam a2200000 a 4500
001 vtls009185194
003 SK-MaSNL
005 20260301170656.0
008 251029|2008 xo g 000 f slo
015 |a SNBA2009/01-00086 
020 |a 9788080854126  |q (viaz.)  |z 9788080854216 
035 |a 350C6E85-2D56-419F-968E-BCA285E5BA6D 
035 |a urn:nbn:sk:snk-amlb8f 
035 |a urn:nbn:sk:snk-am0092hz 
040 |a SNK  |b slo  |c SNK  |e AACR2 
041 1 |a slo  |h rus 
044 |a xo  |c SK 
072 7 |a 821.161.1  |x Ruská literatúra  |2 konspekt 
080 |a 821.161.1-31  |2 2001 
080 |a (0:82-313.1)  |2 2001 
100 1 |a Vojnovič, Vladimir,  |d 1932-  |4 aut  |9 537224 
240 1 0 |a Moskva 2042  |l Slovensky 
245 1 0 |a Moskva 2042  |c Vladimir Vojnovič ; z ruského originálu preložil Ján Štrasser 
250 |a [1. slov. vyd.] 
260 |a Bratislava  |b Slovart  |c 2008 
300 |a 365 s.  |c 22 cm 
490 1 |a MM  |v 71 zv. 
655 7 |a ruské romány  |2 SNKPH  |9 70514 
655 7 |a satirické romány  |2 SNKPH  |9 70264 
655 7 |a umelecká literatúra  |2 SNKPH  |9 60405 
700 1 |a Štrasser, Ján,  |d 1946-  |4 trl  |9 93512 
830 0 |a MM  |9 297775 
919 |a 978-80-8085-412-6 
958 |a UP 
958 |a LX 
968 |b RUS  |d 821 
999 |c 828362  |d 830292 
952 |a SNK  |b SNK  |y PREZ  |7 0  |p 17A0589167  |o snkSC 131826 D1  |i snk2008/10281  |8 0  |0 0  |1 0  |4 0  |d 2008-05-13  |l 0  |r 2026-02-24 03:28:36  |w 2026-02-24 
952 |a SNK  |b SNK  |y PREZ  |7 0  |p 17A0586906  |o snkSC 131826  |i snk2008/9364  |8 0  |0 0  |1 0  |4 0  |d 2008-04-25  |f 1  |l 0  |r 2025-06-23 00:00:00  |w 2026-02-24